Canzoni di Sadturs - Statistics

Statistiche generali
  • Questo quiz è stato fatto 6 volte
    5 dall'ultimo reset
  • Il punteggio medio è 19 su 34
Statistiche sulle risposte
Album Anno Feat Risposta % Corretto
NO REGULAR MUSIC 2 2025 KIID, Flaco G, Lubi CASE
100%
NO REGULAR MUSIC 2023 KIID, Artie 5ive, Niky Savage CLAP CLAP
100%
NO REGULAR MUSIC (Deluxe) 2024 KIID, Rhove, Nerissima Serpe DAL CONFINE
100%
NO REGULAR MUSIC 2 2025 KIID, ANNA, Glocky DIVERSITA
100%
NO REGULAR MUSIC 2 2025 KIID, Tony Boy GLORIA
100%
NO REGULAR MUSIC 2023 KIID, Yung Snapp, Drefgold, Side Baby HORSE DANCE
100%
NO REGULAR MUSIC 2023 KIID, Nerissima Serpe, ANNA, Papa V, Artie 5ive LE BAMBINE FANNO OH
100%
NO REGULAR MUSIC 2 2025 KIID, Ghali, Shiva MANESKIN
100%
NO REGULAR MUSIC (Deluxe) 2024 KIID, Bello Figo MARTELLARE
100%
NO REGULAR MUSIC 2023 KIID, Artie 5ive PUNTINO
100%
NO REGULAR MUSIC (Deluxe) 2024 KIID, Ghali, Artie 5ive WEEKEND
100%
NO REGULAR MUSIC (Deluxe) 2024 KIID, Faneto, Artie 5ive, Astro, Niky Savage, Lito, Low-Red, Kid Yugi, RRARI DAL TACCO 1234 POSSE
50%
NO REGULAR MUSIC 2 2025 KIID, RRARI DAL TACCO, Artie 5ive 38
50%
NO REGULAR MUSIC 2 2025 KIID, Lito, Lubi, Over Lapa 404 + 808
50%
NO REGULAR MUSIC 2023 KIID, Ghali BUS FREESTYLE
50%
NO REGULAR MUSIC 2023 KIID, Astro COME FAI
50%
NO REGULAR MUSIC 2 2025 KIID, Faneto COS'HAI PRESO
50%
NO REGULAR MUSIC 2023 KIID, Faneto, Melons EVIL TWINS
50%
NO REGULAR MUSIC 2 2025 KIID, Melons, Faneto EVIL TWINS 2
50%
NO REGULAR MUSIC 2 2025 KIID, Astro, Tony Boy FERRARI BIANCA
50%
NO REGULAR MUSIC 2 2025 KIID, Glocky, Aira, Faneto, Enny P, Melons, Lito, Waze RRX FORMULA
50%
NO REGULAR MUSIC (Deluxe) 2024 KIID, Astro, Tony Boy MAI STATO REGOLARE
50%
NO REGULAR MUSIC 2 2025 KIID, Glocky MAI X SEMPRE
50%
NO REGULAR MUSIC (Deluxe) 2024 KIID, Papa V, Jake La Furia MARMOCCHIO
50%
NO REGULAR MUSIC 2 2025 KIID, thasup, Ghali SERVER
50%
NO REGULAR MUSIC 2 2025 KIID, Lito, Enny P SKINCARE
50%
NO REGULAR MUSIC 2023 KIID, Astro, Tony Boy TURBO
50%
NO REGULAR MUSIC 2023 KIID, Low-Red, Luchetto 10 CHIAMATE PERSE
0%
NO REGULAR MUSIC 2023 KIID, Axell, Flame BACKSHOT
0%
NO REGULAR MUSIC 2023 KIID, Rondodasosa CHALLENGER
0%
NO REGULAR MUSIC 2023 KIID, Lito, Astro, Artie 5ive CHOSEN ONE
0%
NO REGULAR MUSIC 2 2025 KIID, FT Kings, Simba La Rue COSTOSO #FREESIMBA
0%
NO REGULAR MUSIC 2023 KIID NO REGULAR MUSIC
0%
NO REGULAR MUSIC 2023 KIID, TITE LAVOZ NUEVO DIA
0%
Nessun quiz corrispondente trovato
Distribuzione punteggi
Percentuale di utenti per punteggio
Percentile per numero di risposta
I tuoi punteggi nel tempo
Non hai fatto questo quiz dall'ultimo reset